संघ वृक्ष के बीज डॉक्टर केशवराव हेड गेवार (Record no. 31554)

MARC details
000 -LEADER
fixed length control field 00421nam a22001217a 4500
003 - CONTROL NUMBER IDENTIFIER
control field SGT
082 ## - DEWEY DECIMAL CLASSIFICATION NUMBER
Classification number 080
Item number S88B
100 ## - MAIN ENTRY--PERSONAL NAME
Personal name भिशिकर, चंद्रशेखर परमानन्द
245 ## - TITLE STATEMENT
Title संघ वृक्ष के बीज डॉक्टर केशवराव हेड गेवार
260 ## - PUBLICATION, DISTRIBUTION, ETC. (IMPRINT)
Name of publisher, distributor, etc सुरुचि प्रकाशन
Year of Publication 1988
300 ## - PAGE DESCRIPTION
No. of Pages 64
942 ## - ADDED ENTRY ELEMENTS (KOHA)
Source of classification or shelving scheme Dewey Decimal Classification
Koha item type Books
Holdings
Withdrawn status Lost status Source of classification or shelving scheme Damaged status Not for loan Home library Current library Shelving location Date acquired SGTU Total Checkouts Full call number Accession No. (Barcode) Date last seen Bill Date Koha item type
    Dewey Decimal Classification   Not For Loan SGT Chancellor's Library SGT Chancellor's Library Reference Book 24/06/2025 SGTU   080 S88B CH3554 24/06/2025 24/06/2025 Books